000 00754nam a22002411c 4500
001 a987688492
008 171011s2015 gw |||| 000u ger d
020 _a9783847103721
_9978-3-8471-0372-1
041 _ager
245 0 0 _aNS-Militärjustiz im Zweiten Weltkrieg
264 _aGöttingen :
_bV & R unipress,
_c2015
300 _a288 Seiten
610 0 _aDeutschland / Wehrmacht
650 0 _aMilitärjustiz
650 0 _aWeltkrieg <1939-1945>
700 1 _aBade, Claudia
_eHerausgeberIn
700 1 _aSkowronski, Lars
_eHerausgeberIn
700 1 _aViebig, Michael
_eHerausgeberIn
942 _cMG
040 _cRU-10907106
003 RU-10907106
999 _c22218
_d22218
490 0 _aBerichte und Studien / Hannah-Arendt-Institut für Totalitarismusforschung e.V.
_v68